[Event "SVK-ch U12"]
[Site "Slovakia"]
[Date "2001.02.17"]
[Round "1"]
[White "Istok, Vojtech"]
[Black "Bednar, Robert"]
[Result "1-0"]
[WhiteElo "1583"]
[BlackElo "1350"]
[PlyCount "33"]
[EventDate "2001.02.17"]
[EventType "swiss"]
[EventRounds "9"]
[EventCountry "SVK"]
[SourceTitle "EXT 2009"]
[Source "ChessBase"]
[SourceDate "2008.11.26"]
[SourceVersion "1"]
[SourceVersionDate "2008.11.26"]
[SourceQuality "1"]

1. e4 e5 2. Nf3 Nc6 3. Bb5 a6 4. Ba4 b5 5. Bb3 Nd4 6. Nxd4 exd4 7. d3 Nf6 8. Bg5 h6 9. Bh4 g5 10. Bg3 Nh5 11. Qxh5 Rh7 12. 0-0 d6 13. f4 gxf4 14. Rxf4 d5 15. Bxd5 Ra7 16. Rxf7 Rxf7 17. Qxf7# 1-0